| 000 | 01112nam a2200325Ia 4500 | ||
|---|---|---|---|
| 003 | CO-BoRNBP | ||
| 005 | 20230331203314.0 | ||
| 007 | ta | ||
| 008 | 141017s1999 sp a gr 000 0 spa | ||
| 020 | _a848236121X | ||
| 040 |
_aCO-BoRNBP _bspa _erda _cCO-BoRNBP |
||
| 041 | 1 | _aspa | |
| 082 | 0 | 4 |
_a794.1 _bM14aj |
| 100 | 1 |
_aMcLeod, William T. _9671 |
|
| 245 | 1 | 0 |
_aAjedrez para jóvenes _cWilliam T. McLeod, Ronald Mongredien ; traducción de Carmen Vilaseca Gilabert ; ilustrado por Jean-Paul Colbus |
| 250 | _aPrimera edición | ||
| 264 |
_aBarcelona _bIdea Books _c1999 |
||
| 300 |
_a64 páginas _bilustraciones _c28 cm |
||
| 336 |
_atexto _btxt _2rdacontent |
||
| 337 |
_asin mediación _bn _2rdamedia |
||
| 338 |
_avolumen _bnc _2rdacarrier |
||
| 534 | _tBetter chess for young players | ||
| 650 | 1 | 4 |
_aAjedrez _xEnseñanza _2LEMB _9672 |
| 650 | 1 | 4 |
_aAjedrez _xEstrategia y tácticas _2LEMB _9673 |
| 650 | 1 | 4 |
_aPartidas de ajedrez _2LEMB _9674 |
| 700 | 1 |
_aMongredien, Ronald _9675 |
|
| 700 | 1 |
_aGilabert Vilaseca, Carmen _etraductor _9676 |
|
| 700 | 1 |
_aColbus, Jean-Paul _eilustrador _9677 |
|
| 942 |
_2ddc _cBK |
||
| 999 |
_c9293 _d9293 |
||